| 000 -LEADER |
| fixed length control field |
01849 a2200277 4500 |
| 003 - CONTROL NUMBER IDENTIFIER |
| control field |
OSt |
| 005 - DATE AND TIME OF LATEST TRANSACTION |
| control field |
20240730144020.0 |
| 008 - FIXED-LENGTH DATA ELEMENTS--GENERAL INFORMATION |
| fixed length control field |
120517t xxu||||| |||| 00| 0 eng d |
| 020 ## - INTERNATIONAL STANDARD BOOK NUMBER |
| International Standard Book Number |
1876907061 (hardcover) |
| 020 ## - INTERNATIONAL STANDARD BOOK NUMBER |
| International Standard Book Number |
9781876907068 (hardcover) |
| 040 ## - CATALOGING SOURCE |
| Transcribing agency |
0 |
| 082 04 - DEWEY DECIMAL CLASSIFICATION NUMBER |
| Classification number |
725.0973 |
| 100 1# - MAIN ENTRY--PERSONAL NAME |
| Personal name |
Womersley, Steve. |
| 9 (RLIN) |
32842 |
| 245 10 - TITLE STATEMENT |
| Title |
John portman and associates : |
| Remainder of title |
mas viselected and current works / |
| Statement of responsibility, etc. |
Steve Womersley. |
| 260 ## - PUBLICATION, DISTRIBUTION, ETC. |
| Place of publication, distribution, etc. |
Victoria : |
| Name of publisher, distributor, etc. |
Images Publishing Dist A/C, |
| Date of publication, distribution, etc. |
2006. |
| 300 ## - PHYSICAL DESCRIPTION |
| Extent |
256 p. : |
| Other physical details |
ill.; |
| Dimensions |
31 cm. |
| 490 1# - SERIES STATEMENT |
| Series statement |
Master architect series, 6. |
| 500 ## - GENERAL NOTE |
| General note |
Includes bibliographical refrences and index |
| 520 ## - SUMMARY, ETC. |
| Summary, etc. |
John Portman and Associates is most famous for introducing the modern atrium to corporate design. But there is much more in this magnificent portfolio of outstanding architecture than atriums. From its inception in 1953, the firm has established a global reputation for combining vision with practical development in three key areas: urban architecture, community revitalisation and suburban mixed-use projects. In fact, John Portman and Associates is largely resposible for establishing the benchmark for urban revitalisation. Major areas of practice featured in this book include mixed-use architecture, hospitality, education and corporate - not just in the USA but around the world. The buildings designed by John Portman and Associates have received numerous accolades, and many of those designs featurein this attractive casebound volume. |
| 650 0# - SUBJECT ADDED ENTRY--TOPICAL TERM |
| Topical term or geographic name entry element |
Architecture, Modern |
| 9 (RLIN) |
32028 |
| 650 0# - SUBJECT ADDED ENTRY--TOPICAL TERM |
| Topical term or geographic name entry element |
Architecture |
| Geographic subdivision |
United States |
| 9 (RLIN) |
32643 |
| 830 #0 - SERIES ADDED ENTRY--UNIFORM TITLE |
| Uniform title |
Master architect series, 6. |
| 9 (RLIN) |
32843 |
| 856 40 - ELECTRONIC LOCATION AND ACCESS |
| Materials specified |
Amazon.com |
| Uniform Resource Identifier |
<a href="http://www.amazon.com/exec/obidos/ASIN/1876907061/chopaconline-20">http://www.amazon.com/exec/obidos/ASIN/1876907061/chopaconline-20</a> |
| 942 ## - ADDED ENTRY ELEMENTS (KOHA) |
| Institution code [OBSOLETE] |
SADA |
| Koha item type |
Reference |
| Call number prefix |
REF 725.0973 WOM 2006 |
| Source of classification or shelving scheme |
|